Requisitos de confinamiento de columnas de concreto reforzado de resistencias normal y alta
Bewaard in:
| Hoofdauteur: | |
|---|---|
| Formaat: | Boek |
| Gepubliceerd in: |
[San José], Costa Rica
2010
|
| Onderwerpen: | |
| Tags: |
Voeg label toe
Geen labels, Wees de eerste die dit record labelt!
|
MARC
| LEADER | 00000nam a2200000Ia 4500 | ||
|---|---|---|---|
| 003 | 010242 | ||
| 005 | 20221231144031.0 | ||
| 008 | 140114s2010 cr a 000 ||s d | ||
| 040 | |c cru CEDI | ||
| 090 | |a TFG 6296 | ||
| 100 | |a Alfaro Monge, Luis Carlos |9 2738 | ||
| 245 | |a Requisitos de confinamiento de columnas de concreto reforzado de resistencias normal y alta | ||
| 260 | |c 2010 |b [San José], Costa Rica | ||
| 500 | |a Proyecto de graduación (licenciatura en ingeniería civil)--Universidad de Costa Rica. Facultad de Ingeniería. Escuela de Ingeniería Civil | ||
| 650 | |x HORMIGON ARMADO |x COLUMNAS |x DISEÑO Y CONSTRUCCION |x NORMAS |x DISEÑO DE ESTRUCTURAS |x RESISTENCIA DE MATERIALES |x DUCTILIDAD |x CONSTRUCCIONES ANTISISMICAS |9 2739 | ||
| 942 | |c TFG | ||
| 999 | |c 15908 |d 15908 | ||
